| 000 | 00664nam a22001697a 4500 | ||
|---|---|---|---|
| 008 | 161004b xxu||||| |||| 00| 0 eng d | ||
| 020 | _a0131019694 | ||
| 050 | _aQC 30 .C477 2004 | ||
| 100 | _aChristian, Wolfgang | ||
| 245 |
_aPhyslet Physics: _binteractive illustrations, explorations and problems for introductory physics/ _cWolfgang Christian and Mario Belloni |
||
| 260 |
_aUpper Saddle River, NJ: _bPrentice Hall, _c2004 |
||
| 300 |
_axxi, 326p. : _bill. ; _eCD _fcm _g12 |
||
| 650 |
_aPhysics _xComputer-assisted instructions |
||
| 650 |
_aPhysics _xProblems. Exercises |
||
| 700 | _aBelloni, Mario | ||
| 942 |
_2lcc _cBOOKS _hQC 30 .C477 2004 |
||
| 999 |
_c14557 _d14557 |
||